| 000 | 01212nam0a2200337 4500 | ||
|---|---|---|---|
| 001 | RU\NLR\bibl\1291638 | ||
| 005 | 20250615144403.0 | ||
| 010 |
_a978-5-91419-118-1 _91000 |
||
| 021 |
_aRU _b2008-85207 _94975 |
||
| 035 | _a(NLR Aleph) 001277312 | ||
| 090 |
_a476827 _c476827 |
||
| 100 | _a20080814d2008 |||y0rusy50 ca | ||
| 101 | 0 | _arus | |
| 102 | _aRU | ||
| 105 | _ay ||||||||| | ||
| 200 | 1 |
_aОб историчности и научности христианства _fЕгор Гамм |
|
| 210 |
_aСанкт-Петербург _cАлетейя _cИсторическая книга _d2008 |
||
| 215 |
_a365, [2] с. _d22 |
||
| 225 | 1 | _aБогословская и церковно-историческая библиотека | |
| 606 | 1 |
_aВселенная _xПроисхождение _xРелигиозная концепция _92074270 _3RU\NLR\auth\661249257 |
|
| 686 | _aЭ37-422.1 | ||
| 686 |
_aЭ212.4 _bВ6 |
||
| 700 | 1 |
_aГамм _bЕ. К. _f1937- _gЕгор Корнеевич _4070 |
|
| 801 | 0 |
_aRU _bNLR _c20080814 _gRCR |
|
| 801 | 1 |
_aRU _bNLR _c20080814 |
|
| 830 | _aАвт. по кн | ||
| 942 | _cBOOK | ||
| 980 | _aNB | ||